00311nam a2200109Ia 4500008004100000020001800041100002000059245004000079260004100119300002900160650001200189191129s9999 xx 000 0 und d a9780316166713 aCarman, Patrick cPatrick CarmanaThe House of power/ aNY:bLittle, Brown and Companyc2007 a329 p. ;bill. :c19 cm. aFiction